00000000nam 2200000zi 4500
0019.947497
003CaOODSP
00520250203104412
006m     o  d f      
007cr bn|||||||||
008250129e197312  onc     ob   f000 0 eng d
040 |aCaOODSP|beng|erda|cCaOODSP
043 |an-cn---
0861 |aDR52-19/8-1973E-PDF
1001 |aAllen, C. L., |eauthor.
24510|aEnergy expenditure of infantry patrols during an arctic winter exercise / |cC.L. Allen, W.J. O'Hara.
264 1|aDownsview, Ontario : |bDefence and Civil Institute of Environmental Medicine, Biosciences Division : |bDefence Research Board, Department of National Defence, Canada, |cDecember 1973.
300 |a1 online resource (iii, 10 pages)
336 |atext|btxt|2rdacontent
337 |acomputer|bc|2rdamedia
338 |aonline resource|bcr|2rdacarrier
4901 |aDCIEM report ; |vno. 73-R-985
500 |aDigitized edition from print [produced by Defence R&D Canada].
504 |aIncludes bibliographical references (page 7).
650 0|aEnergy metabolism|xMeasurement.
650 0|aSoldiers|zCanada.
650 6|aMétabolisme énergétique|xMesure.
650 6|aMilitaires|zCanada.
7102 |aDefence and Civil Institute of Environmental Medicine (Canada), |eissuing body.
7101 |aCanada. |bDefence Research Board, |eissuing body.
7101 |aCanada. |bDepartment of National Defence, |eissuing body.
830#0|aDCIEM report ;|vno. 73-R-985.|w(CaOODSP)9.941842
85640|qPDF|s398 KB|uhttps://publications.gc.ca/collections/collection_2025/rddc-drdc/DR52-19-8-1973-eng.pdf